|
|
|
|
| LEADER |
01295nam a22003252a 4500 |
| 001 |
000904384 |
| 003 |
CZ BrMZK |
| 005 |
20180306102912.0 |
| 007 |
ta |
| 008 |
080710s1979 xr a er|||||||||||cze d |
| 015 |
|
|
|a cnb000392322
|
| 040 |
|
|
|a ABA001
|b cze
|c ABA001
|d BOA001
|
| 080 |
9 |
|
|a 369.4(437) :796(024)
|
| 245 |
0 |
0 |
|a Sporty a pobyt v přírodě :
|b Příručka pro turistické kroužky SSM /
|c zpracoval kolektiv autorů za redakce Františka Kreuze a Ivana Matějů ; ilustroval Bedřich Skála
|
| 250 |
|
|
|a 1. vyd.
|
| 260 |
|
|
|a Praha :
|b Mladá fronta,
|c 1979
|
| 300 |
|
|
|a 177, [3] s. ;
|c 8°
|
| 490 |
1 |
|
|a Abeceda svazáckého funkcionáře ;
|v sv. 19
|
| 500 |
|
|
|a 5000 výt.
|
| 504 |
|
|
|a Obsahuje bibliografii
|
| 550 |
|
|
|a Vydavatel: ČÚV SSM
|
| 700 |
1 |
|
|a Kreuz, František,
|d 1919-1980
|7 jk01063302
|4 edt
|
| 700 |
1 |
|
|a Matějů, Ivan
|4 edt
|
| 710 |
2 |
|
|a Socialistický svaz mládeže.
|b Český ústřední výbor
|7 kn20050509011
|
| 830 |
|
0 |
|a Abeceda svazáckého funkcionáře
|0 s
|
| 856 |
4 |
1 |
|u http://www.digitalniknihovna.cz/mzk/uuid/uuid:4b214f50-bd25-11e2-8b87-005056827e51
|y Digitalizovaný dokument
|x NDK
|
| 910 |
|
|
|a BOA001
|b 1-0810.330
|
| 990 |
|
|
|a BK
|
| 991 |
|
|
|b 200806
|
| 996 |
6 |
|
|b 2619551667
|c 1-0810.330
|l MZK
|r Sklad / do 1 hodiny
|n 1
|w 001068536
|u 000010
|a 1
|e BOA001
|j MZK50
|s P
|